000 00399nam a2200181Ia 4500
001 683
005 20260306140536.0
008 260306t1990||||xx |||||||||||||| ||spa||
041 _aESP
082 _a129
_bK94
100 _aKundera, Milan
_eAUT
245 0 _aLa inmortalidad
260 _c1990
300 _a412 páginas :
_c21 cm.
650 _aGEN
654 _aCHU
942 _cLIB
_dJUS
_fJUS
_2ddc
_n
999 _c683
_d683